Score 0/187 Timer 18:00
0 Plays Today
% Correct
Stephen 'Twitch' Boss
90%
Travis Wall
89.5%
Lauren Gottlieb
88.6%
Ben Susak
86.8%
Benji Schwimmer
86.7%
Du-Shaunt 'Fik-Shun' Stegall
82.6%
Nick Bloxsom-Carter
82.4%
Amy Yakima
82.2%
Mark Kanemura
81.9%
Ashle Dawson
81.9%
Lacey Schwimmer
81.8%
Sabra Johnson
81.3%
Joshua Allen
81.1%
Neil Haskell
79.8%
Allison Holker
78.8%
Pasha Kovalev
78.8%
Nick Lazzarini
78.7%
Jeanine Mason
78.7%
Lauren Froderman
78.6%
Ade Obayomi
78.4%
Jasmine Mason
77.7%
Brandon Mitchell
77.5%
Ashley Valerio
77.4%
Ryan Conferido
77.1%
Ryan Rankine
77.1%
Courtney Galliano
77%
Brandon Bryant
76.9%
Jasmine Harper
76.8%
Danny Tidwell
76.7%
Ryan Di Lello
76.3%
Cyrus 'Glitch' Spencer
76%
Katee Shean
75.8%
Will Thomas
75.1%
Anya Garnis
74.5%
Heidi Groskreutz
74.4%
Paul Karmiryan
74.3%
Dominic Sandoval
74.2%
Jenna Johnson
74.2%
Eliana Girard
74%
Kayla Radomski
73.3%
Russell Ferguson
73.2%
Brandon Dumlao
73%
Melissa Sandvig
72.1%
Melissa Vella
72%
Kent Boyd
71.9%
Lindsay Arnold
71.9%
Chelsie Hightower
71.9%
Kathryn McCormick
71.2%
Witney Carson
71%
Ashley Galvan
70.7%
Evan Kasprzak
70.5%
Aaron Turner
70%
Robert Roldan
69.9%
Comfort Fedoke
69.6%
Alex Wong
69.1%
Donyelle Jones
69%
Chehon Wespi-Tschopp
68.7%
Jason Williams
68.7%
Jason Glover
68.7%
Alexa Anderson
68.4%
Jakob Karr
68.3%
Alan Bersten
67.4%
Hok Konishi
67.1%
% Correct
Jessica Fernandez
67.1%
Jessi Peralta
67%
Jessica King
67%
Chelsea Traille
66.9%
William Wingfield
66.7%
Ivan Koumaev
66.5%
Sara Von Gillern
65.8%
Nico Greetham
65.7%
Tiffany Maher
65.5%
Billy Bell
65.5%
Melody Lacayanga
64.7%
Brittany Cherry
64.4%
Audrey Case
64%
Phillip Chbeeb
63.6%
Hayley Erbert
63.5%
Kherington Payne
63.2%
Dorian 'Bluprint' Hector
63.1%
Janette Manrara
63%
Makenzie Dustman
62.2%
Cole Horibe
61.8%
Chris Jarosz
61.8%
Kupono Aweau
61.7%
Malece Miller
61.4%
Ashleigh Di Lello
61.4%
Natalie Fotopoulos
60.9%
Phillip Attmore
60.6%
Jonathan 'Legacy' Perez
60.5%
Matthew Kazmierczak
60.5%
Daniel Baker
60.5%
Alexis Juliano
60.1%
Jamie Bayard
60%
George Lawrence Jr.
59.6%
Mariah Spears
59.2%
Gev Manoukian
59%
Kourtni Lind
59%
Amelia Lowe
59%
Dmitry Chaplin
58.6%
Ashlee Nino
58.5%
Ellenore Scott
58.5%
Ashlee Langas
58.3%
Mollee Gray
57.9%
Tucker Knox
57.9%
Nathan Trasoras
57.6%
Matt Dorame
57.3%
Randi Evans
57%
Caitlin Kinney
57%
Adechike Torbert
56.9%
Jose 'Full Deck' Ruiz
56.7%
Jaimie Goodwin
56.3%
Blake McGrath
55.7%
Ricky Palomino
55.4%
Amber Jackson
55.1%
Jade Zuberi
55.1%
Kameron Bink
54.8%
Carlos Garland
54.3%
Janelle Issis
53.6%
Noelle Marsh
53.1%
Curtis Holland
52.8%
Jesus Solorio
52.1%
Melinda Sullivan
52%
Janaya French
51.5%
Dareian Kujawa
50.9%
Jonathan Platero
50.7%
% Correct
Alexie Agdeppa
50.1%
Shauna Noland
49.5%
Martha Nichols
49.3%
Cedric Gardner
49.3%
Thayne Jasperson
48.4%
Bianca Revels
48.2%
Tony Bellissimo
48.1%
Kevin Hunte
48%
Musa Cooper
47.9%
Max Kapitannikov
47.8%
Snow Urbin
47.6%
Victor Smalley
46.9%
Channing Cooke
46.7%
Erin Ellis
46.3%
Peter Sabasino
46.3%
Karla Garcia
46.1%
Karen Hauer
46.1%
Jamile McGee
45.9%
Cristina Santana
45.9%
Paris Torres
45.7%
Joy Spears
45.4%
Stanislav Savich
45.4%
Faina Savich
45.4%
Asuka Kondoh
45.2%
Jaymz Tuaileva
45.1%
Vitolio Jeune
45.1%
Nick Young
45%
Rayven Armijo
44.7%
Pauline Mata
44.3%
Jimmy Arguello
44.1%
Susie Garcia
43.6%
Robert Taylor Jr.
43%
Ashley Rich
42.5%
Artem Chigvinsev
42%
Marquis Cunningham
41.5%
Melanie Moore
41.5%
Sasha Mallory
41.5%
Jess LeProtto
41.4%
Ariana DeBose
41.4%
Ryan Ramirez
39.9%
Aleksandra Wojda
39.1%
Kamilah Barrett
38.7%
Sandra Colton
37.8%
Marko Germar
37.4%
Destini Rogers
36.8%
Ricky Jaime
36.3%
Michelle Brooks
35.8%
Tadd Gadduang
35.7%
Allan Frias
35.5%
Jordan Casanova
34.7%
Chris Koehl
34.7%
Mitchell Kelly
34.3%
Miranda Maleski
33.8%
Jonnis Tannis
33.7%
Iveta Lukosiute
33.7%
Clarice Ordaz
33.4%
Craig DeRosa
32.9%
Wadi Jones
32.3%
Caitlynn Lawson
31.3%
Alexander Fost
30.3%
Missy Morelli
29.4%

You're not logged in!

Compare scores with friends on all Sporcle quizzes.
OR
Log In

Sporcle TV

Today on Sporcle TV


Watch our educational content, quiz creation guides, and fun videos on Sporcle TV.

Show Comments

Extras

Created Oct 7, 2009ReportNominate
Tags:dance, Dancer

Top Quizzes Today


Score Distribution

Paid Content

Your Account Isn't Verified!

In order to create a playlist on Sporcle, you need to verify the email address you used during registration. Go to your Sporcle Settings to finish the process.

Report this User

Report this user for behavior that violates our Community Guidelines.

Details: